00329nam a22001337a 4500003000700000005001700007008004100024082002100065100002300086245003600109260003700145300000800182650000500190MPLRDC20220104144318.0210129b ||||| |||| 00| 0 eng d a427.1 FW v.9 c.3 a颜禧全副主编 a风味饮食月刊. 第九期c ab曦地出版有限公司c1997 b平 a